000 00616nam a2200217 u 4500
005 20240806063936.0
008 140812s1994 mx r 000 0 spa d
020 _a968683026X
035 _aUPN01000198739
049 _aCG
050 4 _aPQ7298.28 U9.2
_bD4.7
100 1 _aRuvalcaba, Eusebio,
_d1951-2017
_932647
245 1 0 _aDesde la tersa noche /
_cEusebio Ruvalcaba.
260 _aMéxico :
_bAldus,
_c1994.
300 _a149 p.
440 3 _aLa torre inclinada
650 4 _aNovela mexicana
_94557
650 4 _aASESINATO EN LA LITERATURA
_92194
650 4 _aLiteratura mexicana
_94466
905 _aLibro
999 _c170840
_d170840